000 00600nam a2200217Ia 4500
003 OSt
005 20220928140534.0
006 a|||||r|||| 00| 0
007 ta
008 220927b |||||||| |||| 00| 0 eng d
024 _a9237
037 _cTextual
040 _aSDCL
_cSDCL
_beng
041 _2eng
_aeng
082 _aO-,3L:g, K6
100 _aSteeves Harrison R
_9495756
245 0 _aBefore Jame Austen
_b The shaping of the English novel in the eighteenth century.
260 _c1966
942 _hO-,3L:g, K6
_cTEXL
_2CC
999 _c811985
_d811985